LEGO Marvel Super Heroes: Web-Warriors Minifigures by Picture - Statistics

General Stats
  • This quiz has been taken 38 times
  • The average score is 8 of 9
Answer Stats
Picture Answer % Correct
Kid Arachnid
100%
Ultimate Spider-Man
100%
Spider-Woman
97%
Iron Spider
93%
Spider-Girl
86%
Spider-Ham
86%
Spider-Man 2099
86%
Scarlet Spider
79%
Spider-Man Noir
79%
No matching quizzes found
Score Distribution
Percent of People with Each Score
Percentile by Number Answered
Your Score History
You have not taken this quiz